Guess the Taylor Swift Song (no hints) 151 - Statistics

General Stats
  • This quiz has been taken 64 times
  • The average score is 274 of 392
Answer Stats
Answer % Correct
a
98%
I
98%
to
95%
in
93%
me
93%
on
93%
We
93%
we
93%
where
93%
you
93%
you"
93%
your
93%
And
90%
and
90%
(and
90%
be
90%
be,
90%
no,
90%
no
90%
No
90%
the
90%
can
88%
it
88%
is,
86%
know
86%
my
86%
of
86%
this
86%
This
86%
all
83%
go
83%
Go
83%
when
83%
I'd
81%
I'll
81%
"I'll
81%
like
81%
Like
81%
One,
81%
one
81%
us
81%
don't
76%
for
76%
so
76%
So
76%
from
69%
never
69%
our
69%
they
69%
say
67%
Say
67%
two,
67%
three,
64%
with
64%
back
62%
see
62%
Take
62%
take
62%
was
62%
we'll
62%
run,
60%
run
60%
Run
60%
run)
60%
you'd
60%
been
55%
could
55%
tell
55%
thing
55%
four
52%
let
52%
you'll
52%
else
48%
eyes
48%
heart
48%
they're
48%
wait
48%
Give
45%
give
45%
leave
45%
around
43%
bring
43%
drive
43%
let's
43%
Oo,
43%
Oo
43%
There's
43%
there's
43%
away
40%
car
40%
law
40%
town
40%
Darling,
38%
times
38%
friends,
36%
key
36%
keys,
36%
reason
36%
shouldn't
36%
before
33%
called
33%
gave
33%
hold
33%
keep
33%
trying
33%
child
31%
dark
31%
locket,
31%
picture
31%
pocket
31%
'round
31%
sing
31%
blue
29%
chain
29%
chain,
29%
chase
29%
hole
29%
hundred
29%
laugh
29%
note
29%
onto
29%
shot
29%
sleeve
29%
tear
29%
while
29%
wrote
29%
apart
26%
cares
26%
frame
26%
paper
26%
piece
26%
sky
24%
throat,
24%
'em
21%
Pale
21%
reflected
21%
Since
21%
view
21%
reason and
7%
No matching quizzes found
Score Distribution
Percent of People with Each Score
Percentile by Number Answered
Your Score History
You have not taken this quiz